Al otro lado de la academia : el conocimiento empírico del profesorado (Record no. 62080)

MARC details
000 -CABECERA
campo de control de longitud fija 00614nam a2200217 a 4500
005 - FECHA Y HORA DE LA ÚLTIMA TRANSACCIÓN
campo de control 20210219152844.0
008 - ELEMENTOS DE LONGITUD FIJA--INFORMACIÓN GENERAL
campo de control de longitud fija 991125n 000 0 spa u
035 ## - NÚMERO DE CONTROL DEL SISTEMA
Número de control de sistema UPN01000063364
100 ## - ASIENTO PRINCIPAL--NOMBRE PERSONAL
Nombre de persona LOPEZ RUIZ, Juan Ignacio
222 ## - TÍTULO CLAVE
Título clave REVISTA DE EDUCACION
245 ## - MENCIÓN DE TÍTULO
Título Al otro lado de la academia : el conocimiento empírico del profesorado
260 ## - PUBLICACIÓN, DISTRIBUCIÓN, ETC.
Lugar de publicación, distribución, etc. Madrid, España
300 ## - DESCRIPCIÓN FÍSICA
Extensión 245-268
362 ## - FECHAS DE PUBLICACIÓN Y/O DESIGNACIÓN SECUENCIAL
Fecha de publicación y/o designación secuencial 2000 No. 321, ene.-abr.
653 0# - TERMINO DE INDIZACION - NO CONTROLADO
Término no controlado CONSTRUCTIVISMO
653 0# - TERMINO DE INDIZACION - NO CONTROLADO
Término no controlado EDUCACION PERMANENTE
653 0# - TERMINO DE INDIZACION - NO CONTROLADO
Término no controlado FORMACION PROFESIONAL
653 0# - TERMINO DE INDIZACION - NO CONTROLADO
Término no controlado MAESTROS
904 ## - ELEMENTOS DE DATOS D LOCAL, LDD (RLIN)
a AC
b 001175
905 ## - TIPO DE MATERIAL
Tipo de material Articulo

No items available.